000 01349nam a2200409 a 4500
003 AR-BaBNM
005 20251128210442.0
008 082120s2002 ||||||||||||||000 | spa||
040 _cAR-BaBNM
100 1 _aStraface, Fernando
245 0 0 _aMapa del Estado Argentino
_bPoder Ejecutivo Nacional : 1999
260 _aBuenos Aires
_bConciencia
_bFundación Gobierno y Sociedad
_bGrupo Sophia
_bGadis
_c1999
300 _a413 p.
_btablas, gráfs.
500 _aContiene fuentes para consultar
650 4 _aREFORMA DEL ESTADO
650 4 _aREFORMA ADMINISTRATIVA
650 4 _aREFORMA POLITICA
650 4 _aDESARROLLO
650 4 _aSEGURIDAD DEL ESTADO
650 4 _aADMINISTRACION PUBLICA
650 4 _aRESPONSABILIDAD DEL ESTADO
651 4 _aArgentina
700 1 _aPopik, Sebastián
700 1 _aUranga, Silvia
_ecolaborador
700 1 _aFinger, Susana
_ecolaborador
700 1 _aFalabella, Graciela
_ecolaborador
700 1 _aRepetto, Fabián
_ecolaborador
700 1 _aDucote, Nicolás
_ecolaborador
700 1 _aMorales, María Alejandra
_ecolaborador
700 1 _aBurzaco, Eugenio
_ecolaborador
700 1 _aCasajús, Leticia
_ecolaborador
700 1 _aCueto, Gonzalo
_ecolaborador
700 1 _aOlmos, José María
_ecolaborador
700 1 _aNieto, Diego
_ecolaborador
942 _cBK
998 _cMariana
999 _c15523
_d15523